Detalles MARC
| 000 -CABECERA |
| campo de control de longitud fija |
01041nam a2200229 a 4500 |
| 001 - NÚMERO DE CONTROL |
| campo de control |
000011668 |
| 005 - FECHA Y HORA DE LA ÚLTIMA TRANSACCIÓN |
| campo de control |
20200929162525.0 |
| 008 - DATOS DE LONGITUD FIJA--INFORMACIÓN GENERAL |
| campo de control de longitud fija |
091022s1966 sp 001 0 spa d |
| 040 ## - FUENTE DE LA CATALOGACIÓN |
| Centro catalogador/agencia de origen |
DO-SdBNP |
| Centro/agencia transcriptor |
BNPHU |
| Lengua de catalogación |
spa |
| 041 17 - CÓDIGO DE LENGUA |
| Código de lengua del texto/banda sonora o título independiente |
spa |
| Código de lengua original |
ger |
| Fuente del código |
Código de idioma MARC |
| 082 ## - NÚMERO DE LA CLASIFICACIÓN DECIMAL DEWEY |
| Número de clasificación |
400 |
| Número de documento/Ítem |
A917L |
| 049 ## - FONDOS LOCALES (OCLC) |
| Fondos de biblioteca |
BNGR |
| 100 1# - ENTRADA PRINCIPAL--NOMBRE DE PERSONA |
| Nombre de persona |
Auerbach, Erich, |
| Fechas asociadas al nombre |
1892-1957 |
| 9 (RLIN) |
27662 |
| 240 10 - TÍTULO UNIFORME |
| Título uniforme |
Literatursprache und publikum in der lateinischen spatantike und im mittelalter |
| Lenguaje de la obra |
español |
| 245 10 - MENCIÓN DE TÍTULO |
| Título |
Lenguaje literario y publico en la baja latinidad y en la edad media / |
| Mención de responsabilidad, etc. |
Erich Auerbach ; traducción, Luis López Molina. |
| 260 ## - PUBLICACIÓN, DISTRIBUCIÓN, ETC. |
| Lugar de publicación, distribución, etc. |
Barcelona : |
| Nombre del editor, distribuidor, etc. |
Seix Barral, |
| Fecha de publicación, distribución, etc. |
1966. |
| 300 ## - DESCRIPCIÓN FÍSICA |
| Extensión |
336, [3] p. ; |
| Dimensiones |
19 cm. |
| 534 ## - NOTA SOBRE LA VERSIÓN ORIGINAL |
| Frase introductoria |
Título original en alemán: |
| Mención de título del original |
Literatursprache und publikum in der lateinischen spatantike und im mittelalter |
| Publicación, distribución, etc. del original |
Berna : Francke Verlag, 1958. |
| 504 ## - NOTA DE BIBLIOGRAFÍA, ETC. |
| Nota de bibliografía, etc. |
Incluye referencias bibliográficas y notas al pie de las páginas |
| 650 #4 - PUNTO DE ACCESO ADICIONAL DE MATERIA--TÉRMINO DE MATERIA |
| Término de materia o nombre geográfico como elemento de entrada |
Lenguaje y lenguas |
| Subdivisión general |
Historia |
| 9 (RLIN) |
27663 |
| 650 #4 - PUNTO DE ACCESO ADICIONAL DE MATERIA--TÉRMINO DE MATERIA |
| Término de materia o nombre geográfico como elemento de entrada |
Lenguaje y lenguas |
| Subdivisión general |
Historia |
| Fechas vigentes |
EDAD MEDIA, 500-1500 |
| 9 (RLIN) |
27663 |